| 000 | 00464nam a22001817a 4500 | ||
|---|---|---|---|
| 003 | NUST - PNEC | ||
| 005 | 20170116180918.0 | ||
| 008 | 150904b xxu||||| |||| 00| 0 eng d | ||
| 020 | _a0063506629 | ||
| 040 | _cLIBRARY | ||
| 082 | _a620.112 SIN | ||
| 100 |
_97587 _aSinger, Ferdinand Leon |
||
| 245 |
_aStrength of materials. _cFerdinand Leon Singer |
||
| 250 | _a3rd ed. | ||
| 260 | _cc.1980 | ||
| 650 |
_97590 _aStrength of materials _xME |
||
| 942 |
_2ddc _cBK |
||
| 999 |
_c65531 _d65531 |
||